| 000 | 01624nam a2200301 4500 | ||
|---|---|---|---|
| 003 | EC-UNACH | ||
| 005 | 20251002101346.0 | ||
| 006 | s||||gr|||| 00| 00 | ||
| 008 | 150116t9999 mx r gr 000 0 spa d | ||
| 020 | _a84-344-2632-3 | ||
| 040 |
_aEC-UNACH _cEC-UNACH |
||
| 041 | _aspa | ||
| 082 | 0 | 4 |
_223 _a370.152 _bL001278 |
| 110 | _aEditorial Ariel S.A | ||
| 245 | _aPresente y futuro del trabajo psicopedagógico | ||
| 250 | _aPrimera edición | ||
| 264 |
_aBarcelona - España _bEditorial Ariel S.A _c2001 |
||
| 300 |
_a259 páginas _c18 x 24 cm _bCuadros |
||
| 505 | _aPRIMERA PARTE. EL PSICOPEDAGOGO Y SUS ÁMBITOS DE INTERVENCIÓN -- El psicopedagogo y los nuevos retos educativos -- El psicopedagogo en los institutos de educación secundaria -- El psicopedagogo en los equipos sectoriales de orientación -- El psicopedagogo como profesional de la acción social -- El psicopedagogo en el área de recursos humanos -- El psicopedagogo en la orientación universitaria -- SEGUNDA PARTE. TEMAS DE ACTUALIDAD PSICOPEDAGÓGICA -- Familia e intervención precoz. Orientaciones para la intervención del psicopedagogo -- Dificultades de adaptación social en la adolescencia -- Educación de las actitudes y valores e intervención psicopedagógica -- Las tecnologías de la información y la comunicación. | ||
| 650 | _aACTUALIDAD PSICOPEDAGÓGICA | ||
| 650 | _aEL PSICOPEDAGOGO | ||
| 650 | _aADAPTACIÓN SOCIAL | ||
| 700 | _aDel Rincon Igea, Benito | ||
| 942 |
_2ddc _c1 |
||
| 999 | _c13967 | ||